Stabilita mikrokvapky rozpúšťadla na izoláciu rezíduí pesticídov z rôznych vzoriek

Saved in:
Bibliographic Details
Main Author: Brisudová, Adriana (Author)
Other Authors: Hrouzková, Svetlana (Thesis advisor)
Format: Manuscript Book
Language:Slovak
Published: 2017
Subjects:
Online Access:http://is.stuba.sk/zp/portal_zp.pl?podrobnosti=118603
Tags: Add Tag
No Tags, Be the first to tag this record!

MARC

LEADER 00000ntm a22000003a 4500
001 stuzp64206
003 SK-STU
005 20170715210742.3
007 ta
008 150427s2015----xo-----f-mn---000-0-slo-d
040 |a STU  |b slo 
041 0 |a slo 
100 1 |a Brisudová, Adriana  |u 041000  |4 aut  |U FCHPT Fakulta chemickej a potravinárskej technológie  |T FCHPT Ústav analytickej chémie  |X 76438  |U C1000  |Y 99  |7 76438 
242 0 1 |a Stability of the solvent"s microdrop for the isolation of pesticide residues from different samples  |y eng 
245 1 0 |a Stabilita mikrokvapky rozpúšťadla na izoláciu rezíduí pesticídov z rôznych vzoriek 
260 |c 2017 
650 4 |a mikroextrakcia jednou kvapkou  |2 slo 
650 4 |a rezíduá pesticídov  |2 slo 
650 4 |a stabilita kvapky  |2 slo 
650 4 |a drop stability  |2 eng 
650 4 |a residue pesticides  |2 eng 
650 4 |a single- drop microextraction  |2 eng 
700 1 |a Hrouzková, Svetlana  |u 041000  |k Z1  |4 ths  |U FCHPT Fakulta chemickej a potravinárskej technológie  |T FCHPT Ústav analytickej chémie  |X 3892  |U C1000  |Y 99  |7 A000003892 
856 4 |u http://is.stuba.sk/zp/portal_zp.pl?podrobnosti=118603